000
00284nam a2200097Ia 4500
005
20251222144858.0
008
251222s9999||||xx |||||||||||||| ||spa||
082
_a
351.724/E92
245
0
_a
Texto Ășnico de procedimientos administrativos de la SUNAT 2007: Tributos internos
942
_c
LIB
999
_c
21884
_d
21884